[Event "ESP-ch States U16"]
[Site "Isla"]
[Date "2022.06.25"]
[Round "5"]
[White "Ano Pla, Gerard"]
[Black "Lorenzo Calvo, Damian Angel"]
[Result "1-0"]
[WhiteElo "2182"]
[BlackElo "1729"]
[PlyCount "79"]
[EventDate "2022.06.23"]
[EventType "swiss"]
[EventRounds "6"]
[EventCountry "ESP"]
[SourceTitle "EXT 2023"]
[Source "ChessBase"]
[SourceDate "2022.10.05"]
[SourceVersion "1"]
[SourceVersionDate "2022.10.05"]
[SourceQuality "1"]

1. d4 Nf6 2. c4 c5 3. d5 e6 4. Nc3 exd5 5. cxd5 d6 6. Nf3 g6 7. Nd2 Bg7 8. Nc4 0-0 9. Bf4 Ne8 10. Qd2 Nd7 11. Nxd6 Ne5 12. Nxe8 Rxe8 13. e3 a6 14. a4 Bf5 15. Be2 Rc8 16. 0-0 c4 17. e4 Bd7 18. a5 f5 19. f3 Nf7 20. Be3 fxe4 21. fxe4 Ne5 22. Bg5 Qc7 23. d6 Qc5+ 24. Be3 Qb4 25. Nd5 Qxd2 26. Bxd2 Kh8 27. Nb6 Rc6 28. Bb4 Kg8 29. Nd5 Be6 30. Ne7+ Kh8 31. Nxc6 Nxc6 32. Bc3 Ne5 33. Rfd1 Rd8 34. Ra4 h6 35. Rb4 Rd7 36. Kh1 Kh7 37. Bxe5 Bxe5 38. Bxc4 Rxd6 39. Rxd6 Bxd6 40. Rxb7+ 1-0